000 00714nam a2200193 a 4500
001 000023745
005 20200930022432.0
008 110112s1969 ve 000 0 spa d
040 _aDO-SdBNP
_bspa
_cBNPHU
082 _axxxx
_bZ35p
100 1 _aZapparoli, Giovanni Carlo.
_948892
240 1 3 _aLa psicoanalisi del delirio.
_lEspañol
245 1 3 _aEl psicoanálisis del delirio :
_bcontribución a la terapia psicoanalítica de la psicosis esquizofrénica /
_cGiovanni Carlo Zapparoli ; traducción Rosa Moreno Roger.
260 _aCaracas, Venezuela :
_bMonte Avila,
_c1969.
300 _a146 p. ;
_c20 cm.
504 _aBibliografía: 141-146 p.
700 1 _aRoger, Rosa Moreno,
_etr.
_948893
049 _aBNGR
999 _c23241
_d23241